000 01212nam1a2200325 i 4500
001 RU\NLR\BIBL_A\012655475
005 20240922060940.0
010 _a9785907433694
035 _a(NLR Aleph) 012655475
090 _a12739412
_c12739412
100 _a20211201d2021 um y0rusy50 ca
101 0 _arus
102 _aRU
105 _a||||j||||||||
181 0 _ai3
_baxxe
182 0 _an
200 1 _aРазвитие и коррекция графо-моторных навыков у детей 5-7 лет
_eпособие для логопеда
_eв двух частях
_fО.Б. Иншакова
203 _aТекст
_bвизуальный
_cнепосредственный
210 _aМосква
_cВладос
_d2021
215 _d28
225 1 _aКоррекционная педагогика
333 _a0+
606 1 _aМоторика рук у детей
_jРуководства, пособия и т.п
_xРазвитие
_92295941
_3RU\NLR\AUTH\661374797
686 1 _aЧ411.354я7
686 1 _aЧ430.135.4я7
700 1 _aИншакова
_bО. Б.
_gОльга Борисовна
852 _aNLR
_j2021-8/3499
942 _cBOOK